000 00561nam a2200241Ia 4500
003 OSt
005 20220912150604.0
006 a|||||r|||| 00| 0
007 ta
008 220909b |||||||| |||| 00| 0 eng d
024 _a33613
037 _cTextual
040 _aCSL
_beng
_cCSL
041 _aeng
082 _aB31, K0
100 _aDieudonne J
245 0 _aFoundation of modern analysis
260 _c1960
300 _axiv, 361p.
_ccm.
650 _aAnalysis
942 _hB31, K0
_cTEXL
_2CC
999 _c50615
_d50615